| 000 | 00508nam a2200169Ia 4500 | ||
|---|---|---|---|
| 008 | 140609s9999 xx 000 0 und d | ||
| 020 | _a9780071260879 | ||
| 050 |
_aQP 34.5 _b.P322 2007 |
||
| 100 | _aPatton, Kevin T. | ||
| 245 |
_aLaboratory Manual to accompany essentials of anatomy and physiology. _cKevin Patton, |
||
| 250 | _a6th ed. | ||
| 260 |
_aBoston : _bMcGraw-Hill Higher Education, _cc2007. |
||
| 300 |
_a330 p. : _bill. ; _c26 cm. |
||
| 521 | _aGE | ||
| 942 |
_kFOR _cBK |
||
| 999 |
_c118149 _d118149 |
||